Metabolomics (Запис № 455002)
[ простий вигляд ]
| 000 -LEADER | |
|---|---|
| fixed length control field | 02388nas a22003975i 4500 |
| 001 - CONTROL NUMBER | |
| control field | 1573-3890 |
| 003 - CONTROL NUMBER IDENTIFIER | |
| control field | DE-He213 |
| 005 - DATE AND TIME OF LATEST TRANSACTION | |
| control field | 20260304140633.0 |
| 007 - PHYSICAL DESCRIPTION FIXED FIELD--GENERAL INFORMATION | |
| fixed length control field | cr nn 008mamaa |
| 008 - FIXED-LENGTH DATA ELEMENTS--GENERAL INFORMATION | |
| fixed length control field | 150723s||||||||xxuuu poo|||||| b|EN |d |
| 022 ## - INTERNATIONAL STANDARD SERIAL NUMBER | |
| International Standard Serial Number | 1573-3890 |
| 024 7# - OTHER STANDARD IDENTIFIER | |
| Standard number or code | 10.1007/11306.1573-3890 |
| Source of number or code | doi |
| 210 10 - ABBREVIATED TITLE | |
| Abbreviated title | Metabolomics |
| 245 10 - TITLE STATEMENT | |
| Title | Metabolomics |
| Medium | [electronic resource] / |
| Statement of responsibility, etc | edited by Sastia Prama Putri, María Eugenia Monge, Royston Goodacre, Roan Louw, Warwick Dunn. |
| 264 #1 - | |
| -- | New York : |
| -- | Springer US : |
| -- | Imprint: Springer. |
| 300 ## - PHYSICAL DESCRIPTION | |
| Other physical details | online resource. |
| 520 ## - SUMMARY, ETC. | |
| Summary, etc | Metabolomics publishes current research regarding the development of technology platforms for metabolomics. This includes, but is not limited to: metabolomic applications within man, including pre-clinical and clinical pharmacometabolomics for precision medicine metabolic profiling and fingerprinting metabolite target analysis metabolomic applications within animals, plants and microbes transcriptomics and proteomics in systems biology Metabolomics is an indispensable platform for researchers using new post-genomics approaches, to discover networks and interactions between metabolites, pharmaceuticals, SNPs, proteins and more. Its articles go beyond the genome and metabolome, by including original clinical study material together with big data from new emerging technologies. . |
| 650 #0 - SUBJECT ADDED ENTRY--TOPICAL TERM | |
| Topical term or geographic name as entry element | Biochemistry. |
| 650 #0 - SUBJECT ADDED ENTRY--TOPICAL TERM | |
| Topical term or geographic name as entry element | Medicine—Research. |
| 650 #0 - SUBJECT ADDED ENTRY--TOPICAL TERM | |
| Topical term or geographic name as entry element | Biology—Research. |
| 650 #0 - SUBJECT ADDED ENTRY--TOPICAL TERM | |
| Topical term or geographic name as entry element | Cytology. |
| 650 #0 - SUBJECT ADDED ENTRY--TOPICAL TERM | |
| Topical term or geographic name as entry element | Developmental biology. |
| 9 (RLIN) | 1255 |
| 650 14 - SUBJECT ADDED ENTRY--TOPICAL TERM | |
| Topical term or geographic name as entry element | Chemical Biology. |
| 650 24 - SUBJECT ADDED ENTRY--TOPICAL TERM | |
| Topical term or geographic name as entry element | Biomedical Research. |
| 650 24 - SUBJECT ADDED ENTRY--TOPICAL TERM | |
| Topical term or geographic name as entry element | Cell Biology. |
| 650 24 - SUBJECT ADDED ENTRY--TOPICAL TERM | |
| Topical term or geographic name as entry element | Developmental Biology and Stem Cells. |
| 9 (RLIN) | 1259 |
| 700 1# - ADDED ENTRY--PERSONAL NAME | |
| Personal name | Putri, Sastia Prama. |
| Relator term | editor. |
| Relator code | edt |
| -- | http://id.loc.gov/vocabulary/relators/edt |
| 9 (RLIN) | 24086 |
| 700 1# - ADDED ENTRY--PERSONAL NAME | |
| Personal name | Monge, María Eugenia. |
| Relator term | editor. |
| Relator code | edt |
| -- | http://id.loc.gov/vocabulary/relators/edt |
| 9 (RLIN) | 24087 |
| 700 1# - ADDED ENTRY--PERSONAL NAME | |
| Personal name | Goodacre, Royston. |
| Relator term | editor. |
| Relator code | edt |
| -- | http://id.loc.gov/vocabulary/relators/edt |
| 9 (RLIN) | 24088 |
| 700 1# - ADDED ENTRY--PERSONAL NAME | |
| Personal name | Louw, Roan. |
| Relator term | editor. |
| Relator code | edt |
| -- | http://id.loc.gov/vocabulary/relators/edt |
| 9 (RLIN) | 24089 |
| 700 1# - ADDED ENTRY--PERSONAL NAME | |
| Personal name | Dunn, Warwick. |
| Relator term | editor. |
| Relator code | edt |
| -- | http://id.loc.gov/vocabulary/relators/edt |
| 9 (RLIN) | 24090 |
| 710 2# - ADDED ENTRY--CORPORATE NAME | |
| Corporate name or jurisdiction name as entry element | SpringerLink (Online service) |
| 776 08 - ADDITIONAL PHYSICAL FORM ENTRY | |
| Display text | Printed version: |
| International Standard Serial Number | 1573-3882 |
| 856 40 - ELECTRONIC LOCATION AND ACCESS | |
| Uniform Resource Identifier | <a href="https://doi.org/10.1007/11306.1573-3890">https://doi.org/10.1007/11306.1573-3890</a> |
| Public note | Open Access |
Немає доступних примірників.